OPAC Home

මනුෂ්‍යයන්ට තමන් කරපු පාපවලට ක්‍ෂමාව ලබාගන්ට පුලුවන් මඟක් බුද්ධාගමේ පෙනී නැති නිසා ඒ ආගම අදහගැනීමෙන් ඔවුන්ට නරකාදියෙන් ගැලවෙන්ට බැරිය (Record no. 83245)

MARC details
000 -LEADER
fixed length control field 00837nam a2200169Ia 4500
003 - CONTROL NUMBER IDENTIFIER
control field LK-CoDNM
005 - DATE AND TIME OF LATEST TRANSACTION
control field 20240228145445.0
008 - FIXED-LENGTH DATA ELEMENTS--GENERAL INFORMATION
fixed length control field 010623t1890 xxu||||| |||| 00| 1 sin d
040 ## - CATALOGING SOURCE
Original cataloging agency LK-CoDNM
Modifying agency LK-CoDNM
Description conventions LK-CoDNM
041 ## - LANGUAGE CODE
Language code of text/sound track or separate title Sinhala; Sinhalese
080 ## - UNIVERSAL DECIMAL CLASSIFICATION NUMBER
Universal Decimal Classification number 104 W7
942 ## - ADDED ENTRY ELEMENTS (KOHA)
Koha item type Books
245 ## - TITLE STATEMENT
Title මනුෂ්‍යයන්ට තමන් කරපු පාපවලට ක්‍ෂමාව ලබාගන්ට පුලුවන් මඟක් බුද්ධාගමේ පෙනී නැති නිසා ඒ ආගම අදහගැනීමෙන් ඔවුන්ට නරකාදියෙන් ගැලවෙන්ට බැරිය
246 ## - VARYING FORM OF TITLE
Title proper/short title NoForgiveness of sin,and therefor no escape from hell,by buddhism
260 ## - PUBLICATION, DISTRIBUTION, ETC. (IMPRINT)
Name of publisher, distributor, etc. Ceylon Religious Tract Society
Place of publication, distribution, etc. Colombo
Date of publication, distribution, etc. 1890
300 ## - PHYSICAL DESCRIPTION
Other physical details Damaged
Extent 4p., 17 260: 3rd cm
Holdings
Withdrawn status Lost status Damaged status Not for loan Collection code Permanent Location Current Location Date acquired Full call number Barcode Koha item type
        Monographs Library National Museum Colombo - Sri Lanka Library National Museum Colombo - Sri Lanka 2023-08-02 104 W7 OB1372-38 Books
Copyright © 2023 Department of National Museum, Colombo 07, Sri Lanka Funded by UNESCO IFAP UNESCO